| 000 | 00472nam a2200181Ia 4500 | ||
|---|---|---|---|
| 008 | 120917t2007 xxu||||| |||| 00| 0 sin d | ||
| 041 | _asin | ||
| 080 |
_a8 - 31 (Rusian) _bCHE |
||
| 100 | _aChekhov, Anton | ||
| 245 | _aතුන් වසර | ||
| 246 | _aThun Wasara | ||
| 260 |
_aM. D. Gunasena _aColombo _c2007 |
||
| 300 | _b1547p, 18 cm | ||
| 700 |
_aThilakarathna, Premaranjith _etr. |
||
| 942 | _cBK | ||
| 999 |
_c41533 _d41533 |
||
| 003 | LK-CoDNM | ||
| 040 |
_aLK-CoDNM _dLK-CoDNM _eLK-CoDNM |
||